Normal view
MARC view
- Pérez-López, Isaac J.
Entry Personal Name
001 - CONTROL NUMBER
- control field: 69780
003 - CONTROL NUMBER IDENTIFIER
- control field: OSt
005 - DATE AND TIME OF LATEST TRANSACTION
- control field: 20260216163201.0
008 - FIXED-LENGTH DATA ELEMENTS
- fixed length control field: 260216|| aca||aabn | a|a d
040 ## - CATALOGING SOURCE
- Original cataloging agency: OSt
100 ## - HEADING--PERSONAL NAME
- Personal name: Pérez-López, Isaac J.
- Relator term: author.
